000 00657nam a2200277Ia 4500
005 20260324114155.0
008 008 260324s9999 xx 000 0 eng d
020 _a9780429001086
037 _aEBOOK
040 _aCRL
040 _beng
040 _cCRL
041 _2eng
041 _aeng
084 _qCRL
100 _aNicolas A. Valcik; Teodoro J. Benavides
_91149724
245 0 _aLocal Government Management
260 _bTaylor and Francis
260 _c2023
365 _a
365 _b99.99
856 _uhttp://www.taylorfrancis.com/books/9780429001086
942 _cEBOOK
999 _c1739756
_d1739756